[Event "10. Rusia tch 2009 femenino"]
[Site "Dagomys RUS"]
[Date "2009.04.02"]
[Round "1.21"]
[White "Molchanova, Tatjana"]
[Black "Zhukova, Natalia"]
[Result "0-1"]
[WhiteElo "2321"]
[BlackElo "2461"]
[PlyCount "82"]
[EventDate "2009.04.02"]
[EventType "team"]
[EventRounds "7"]
[EventCountry "RUS"]
[Source "lmi"]
[SourceDate "2009.04.04"]

1. e4 e6 2. d3 d5 3. Nd2 Nf6 4. Ngf3 c5 5. g3 Nc6 6. Bg2 Be7 7. O-O b6 8. Re1
Bb7 9. Qe2 Nb4 10. e5 Nxc2 11. exf6 Bxf6 12. Rb1 Nxe1 13. Nxe1 O-O 14. Nc4 e5
15. Ne3 e4 16. dxe4 dxe4 17. b4 cxb4 18. Rxb4 Bc3 19. Rb3 Rc8 20. Ba3 Re8 21.
N1c2 Qd2 22. Bf1 Qxe2 23. Bxe2 Bf6 24. Bb2 Bxb2 25. Rxb2 Red8 26. h4 g6 27. Nb4
Rc1+ 28. Kg2 a5 29. Na6 Rd6 30. Nc4 e3+ 31. f3 Rxc4 32. Bxc4 Rd2+ 33. Rxd2 exd2
34. Bb3 Bxa6 35. Kf2 Bc4 36. Bd1 Bxa2 37. Ke3 Kf8 38. Kxd2 Ke7 39. Kc3 Kd6 40.
Kd4 b5 41. f4 Bd5 0-1

[Event "10. Rusia tch 2009 femenino"]
[Site "Dagomys RUS"]
[Date "2009.04.02"]
[Round "1.22"]
[White "Turova, Irina"]
[Black "Solovjova, Valentina"]
[Result "1/2-1/2"]
[WhiteElo "2396"]
[BlackElo "2305"]
[PlyCount "63"]
[EventDate "2009.04.02"]
[EventType "team"]
[EventRounds "7"]
[EventCountry "RUS"]
[Source "lmi"]
[SourceDate "2009.04.04"]

1. d4 d5 2. c4 c6 3. Nf3 Nf6 4. Nc3 e6 5. Bg5 dxc4 6. e4 b5 7. e5 h6 8. Bh4 g5
9. exf6 gxh4 10. Ne5 Qxf6 11. g3 Bb7 12. Bg2 Nd7 13. Qe2 Bb4 14. O-O Bxc3 15.
bxc3 Nxe5 16. dxe5 Qe7 17. Rad1 Rd8 18. Qe3 a6 19. Qa7 Ra8 20. Qb6 O-O 21. Rd4
h3 22. Rg4+ Kh8 23. Qe3 f5 24. exf6 Rxf6 25. Bxh3 c5 26. Rh4 Kg7 27. Rh5 Rd8
28. Rxc5 Qd6 29. Bg2 Bxg2 30. Kxg2 Rd7 31. a4 Qd3 32. axb5 1/2-1/2

[Event "10. Rusia tch 2009 femenino"]
[Site "Dagomys RUS"]
[Date "2009.04.02"]
[Round "1.23"]
[White "Bronnikova, Elizaveta"]
[Black "Bodnaruk, Anastasia"]
[Result "1/2-1/2"]
[WhiteElo "2297"]
[BlackElo "2373"]
[PlyCount "163"]
[EventDate "2009.04.02"]
[EventType "team"]
[EventRounds "7"]
[EventCountry "RUS"]
[Source "lmi"]
[SourceDate "2009.04.04"]

1. e4 c5 2. Nf3 d6 3. d4 Nf6 4. Nc3 cxd4 5. Nxd4 a6 6. Be2 e5 7. Nb3 Be7 8. O-O
O-O 9. Kh1 Nc6 10. f4 b5 11. a3 Na5 12. Nxa5 Qxa5 13. fxe5 dxe5 14. Bg5 Be6 15.
Qe1 Qc7 16. Qg3 Kh8 17. Rf2 Ng8 18. Bd3 h6 19. Be3 Nf6 20. h3 Rad8 21. Raf1 Rg8
22. Qf3 Qc6 23. Qe2 Bc4 24. Bxc4 bxc4 25. Rf5 Qe6 26. g4 g6 27. R5f2 h5 28. g5
Ne8 29. Kh2 Nd6 30. Bc1 Rgf8 31. Qe3 Nb7 32. Rf6 Qd7 33. Nd5 Bc5 34. Qg3 Bd6
35. Qf3 Kg7 36. Nb6 Qc7 37. Be3 Rde8 38. Qe2 Na5 39. Nd5 Qd7 40. Bb6 Nc6 41.
Qxc4 Nd4 42. R6f2 Rc8 43. Qxa6 Nxc2 44. Qd3 Nd4 45. Kg2 Ne6 46. Be3 Bc5 47. b4
Bxe3 48. Qxe3 Qd8 49. h4 Rc4 50. Qa7 Nc7 51. Nxc7 Rxc7 52. Qa5 Qd6 53. Qd5 Qe7
54. Rf6 Rd7 55. Qc6 Rd2+ 56. R1f2 Rd3 57. R6f3 Rd6 58. Qc4 Qd7 59. Kh2 Rd4 60.
Qe2 Qg4 61. Rh3 Qxe4 62. Qxe4 Rxe4 63. Rb2 Rb8 64. Kg3 Rg4+ 65. Kf3 f5 66.
gxf6+ Kxf6 67. Ke3 Ke6 68. Rd2 Rc8 69. b5 Rc3+ 70. Rd3 Rxd3+ 71. Kxd3 Kd5 72.
Kc3 Kc5 73. Re3 Kxb5 74. Rxe5+ Ka4 75. Re6 Rxh4 76. Rxg6 Rh3+ 77. Kd2 Kxa3 78.
Ke2 Kb4 79. Kf2 Kc4 80. Kg2 Rh4 81. Kg3 Rh1 82. Kg2 1/2-1/2

[Event "10. Rusia tch 2009 femenino"]
[Site "Dagomys RUS"]
[Date "2009.04.02"]
[Round "1.24"]
[White "Demina, Julia"]
[Black "Ivkina, Olga"]
[Result "1-0"]
[WhiteElo "2375"]
[BlackElo "2275"]
[PlyCount "87"]
[EventDate "2009.04.02"]
[EventType "team"]
[EventRounds "7"]
[EventCountry "RUS"]
[Source "lmi"]
[SourceDate "2009.04.04"]

1. Nf3 Nf6 2. c4 g6 3. g3 Bg7 4. Bg2 d6 5. d4 O-O 6. O-O c6 7. Nc3 Bf5 8. Nh4
Be6 9. d5 cxd5 10. cxd5 Bd7 11. Be3 Ng4 12. Bd4 Bxd4 13. Qxd4 Qb6 14. Qxb6 axb6
15. Nf3 Na6 16. h3 Nf6 17. Nd4 Rfc8 18. Rfd1 Rc4 19. e4 Nc5 20. f4 Rb4 21. Rd2
Bxh3 22. Bxh3 Ncxe4 23. Rd3 Rxb2 24. Nxe4 Nxe4 25. Bg2 Nc5 26. Re3 b5 27. Rxe7
b4 28. Re2 Rxe2 29. Nxe2 b3 30. a3 b5 31. Rb1 Rxa3 32. Nd4 h5 33. Nxb5 Ra2 34.
Nxd6 b2 35. Kh2 Na4 36. Nb5 Kf8 37. Be4 Ke7 38. Kh3 f5 39. Bc2 Nb6 40. Bb3 Ra5
41. Nd4 Kd6 42. Rxb2 Nxd5 43. Rd2 Rc5 44. Nf3 1-0

[Event "10. Rusia tch 2009 femenino"]
[Site "Dagomys RUS"]
[Date "2009.04.02"]
[Round "1.31"]
[White "Zhao, Xue"]
[Black "Iljushina, Olga"]
[Result "1-0"]
[WhiteElo "2531"]
[BlackElo "2329"]
[PlyCount "121"]
[EventDate "2009.04.02"]
[EventType "team"]
[EventRounds "7"]
[EventCountry "RUS"]
[Source "lmi"]
[SourceDate "2009.04.04"]

1. d4 Nf6 2. c4 e6 3. Nf3 Bb4+ 4. Nbd2 b6 5. a3 Bxd2+ 6. Qxd2 Bb7 7. e3 d6 8.
Be2 O-O 9. O-O Nbd7 10. b4 Ne4 11. Qc2 f5 12. Bb2 Ndf6 13. Rad1 Ng4 14. d5 e5
15. Ne1 h5 16. Bd3 Bc8 17. Bc1 a5 18. f4 axb4 19. axb4 Bd7 20. b5 Qe7 21. Bxe4
fxe4 22. h3 Nf6 23. Bb2 exf4 24. Rxf4 Rae8 25. Qe2 g6 26. Qd2 g5 27. Rf2 h4 28.
Nc2 Kh7 29. Rdf1 Nh5 30. Nb4 Ng3 31. Rxf8 Rxf8 32. Rxf8 Qxf8 33. Qf2 Bf5 34.
Ba1 Kg6 35. Nc6 Qf7 36. Be5 Nh5 37. Bc3 Ng3 38. Be1 Nh5 39. Qb2 Qf8 40. Nd4 Bd7
41. Qb1 Bf5 42. Qa1 Qf6 43. Qa8 Ng3 44. Qe8+ Kh6 45. Bxg3 hxg3 46. Qe7 Kg6 47.
Qxf6+ Kxf6 48. Ne2 Ke5 49. Nxg3 Bd7 50. Ne2 Be8 51. Kf2 Bh5 52. Nd4 Bf7 53. Nc2
Bh5 54. g4 Be8 55. Nb4 Bd7 56. Kg3 Bc8 57. Na6 c6 58. dxc6 d5 59. c5 d4 60.
cxb6 d3 61. Kf2 1-0

[Event "10. Rusia tch 2009 femenino"]
[Site "Dagomys RUS"]
[Date "2009.04.02"]
[Round "1.34"]
[White "Avdeeva, Veronika"]
[Black "Vasilevich, Irina"]
[Result "1/2-1/2"]
[WhiteElo "2149"]
[BlackElo "2350"]
[PlyCount "82"]
[EventDate "2009.04.02"]
[EventType "team"]
[EventRounds "7"]
[EventCountry "RUS"]
[Source "lmi"]
[SourceDate "2009.04.04"]

1. d4 e6 2. c4 Bb4+ 3. Bd2 a5 4. Nf3 d6 5. e4 Nf6 6. Bd3 e5 7. Nc3 Bg4 8. a3
Bxc3 9. Bxc3 exd4 10. Bxd4 Nc6 11. Bc3 Ne5 12. Be2 Bxf3 13. Bxf3 O-O 14. b3 Re8
15. O-O a4 16. Bxe5 Rxe5 17. Re1 Qe7 18. b4 Nxe4 19. Rc1 Re8 20. Rf1 h6 21.
Bxe4 Rxe4 22. Qxa4 Qf6 23. Qc2 c6 24. Qd3 Rd4 25. Qh3 Re6 26. Qc3 Ree4 27. Qh3
Kh7 28. Qd7 Re7 29. Qc8 Qf4 30. g3 Qf3 31. Rce1 Re5 32. Rxe5 dxe5 33. Qxb7 Rxc4
34. b5 e4 35. bxc6 e3 36. Qb1+ g6 37. fxe3 Qxe3+ 38. Kh1 Qe6 39. Qb7 Qe4+ 40.
Kg1 Qe3+ 41. Kh1 Qe4+ 1/2-1/2

[Event "10. Rusia tch 2009 femenino"]
[Site "Dagomys RUS"]
[Date "2009.04.02"]
[Round "1.41"]
[White "Kovalevskaya, Ekaterina"]
[Black "Xu, Yuhua"]
[Result "1/2-1/2"]
[WhiteElo "2450"]
[BlackElo "2479"]
[PlyCount "107"]
[EventDate "2009.04.02"]
[EventType "team"]
[EventRounds "7"]
[EventCountry "RUS"]
[Source "lmi"]
[SourceDate "2009.04.04"]

1. c4 e5 2. Nc3 Nf6 3. Nf3 Nc6 4. e3 Be7 5. a3 d5 6. cxd5 Nxd5 7. Bb5 Nxc3 8.
bxc3 Bd6 9. d4 e4 10. Nd2 Qg5 11. Bf1 Qg6 12. Qc2 O-O 13. Nxe4 Bf5 14. f3 Bxh2
15. Bd3 Bg3+ 16. Ke2 Ne7 17. Bd2 h6 18. c4 b6 19. Rag1 Rad8 20. Rh3 Bxe4 21.
Bxe4 f5 22. Bd3 Bd6 23. g4 Qf6 24. gxf5 Nxf5 25. Bxf5 Qxf5 26. Qxf5 Rxf5 27. a4
Kh7 28. e4 Rf7 29. e5 Be7 30. Be3 Rf5 31. f4 g6 32. Kd3 h5 33. Ke4 a5 34. Rhg3
Rg8 35. d5 Bc5 36. Bxc5 bxc5 37. Rg5 Rgf8 38. Rxf5 gxf5+ 39. Kd3 Kh6 40. e6 h4
41. Rg5 Rb8 42. Kc3 Rh8 43. Kc2 Rh7 44. Rxf5 h3 45. Rf6+ Kh5 46. Rf7 Rh8 47. e7
Re8 48. Rh7+ Kg4 49. Kd3 Kxf4 50. Rxh3 Rxe7 51. Rh4+ Kf3 52. Rh3+ Kf2 53. Rh2+
Kf3 54. Rh3+ 1/2-1/2

[Event "10. Rusia tch 2009 femenino"]
[Site "Dagomys RUS"]
[Date "2009.04.02"]
[Round "1.44"]
[White "Shadrina, Tatiana"]
[Black "Girya, Olga"]
[Result "1-0"]
[WhiteElo "2431"]
[BlackElo "2335"]
[PlyCount "139"]
[EventDate "2009.04.02"]
[EventType "team"]
[EventRounds "7"]
[EventCountry "RUS"]
[Source "lmi"]
[SourceDate "2009.04.04"]

1. e4 c5 2. Nf3 Nc6 3. d4 cxd4 4. Nxd4 e5 5. Nb5 d6 6. N1c3 a6 7. Na3 b5 8. Nd5
Nce7 9. c4 Nxd5 10. cxd5 f5 11. exf5 Bxf5 12. Bd3 Qd7 13. Bxf5 Qxf5 14. O-O Nf6
15. Nc2 Be7 16. Ne3 Qg6 17. a4 O-O 18. axb5 axb5 19. Rxa8 Rxa8 20. Qb3 Rb8 21.
Bd2 Nd7 22. Bb4 e4 23. Nc2 Ne5 24. Nd4 Qf7 25. Ne6 Nc4 26. Qg3 g6 27. b3 Ne5
28. Qc3 Nd3 29. Qc7 Ra8 30. Bxd6 Bxd6 31. Qxd6 b4 32. h3 h6 33. Nc5 Nxc5 34.
Qxc5 Rd8 35. Rd1 Rf8 36. Qe3 g5 37. d6 Qe6 38. f3 Rd8 39. Qxe4 Rxd6 40. Qxe6+
Rxe6 41. Rd8+ Kf7 42. Rb8 Re2 43. Rxb4 Rb2 44. h4 Kg6 45. hxg5 hxg5 46. Kh2 Kf6
47. Kg3 Kg6 48. Rb8 Kf6 49. b4 Kg6 50. b5 Kf6 51. Kh3 Rb4 52. b6 Kg7 53. Kh2
Rb2 54. b7 Kh7 55. Kg1 Kg7 56. g3 Kh7 57. Kf1 Kg7 58. Ke1 Kh7 59. Kd1 Kg7 60.
Kc1 Rb6 61. Kd2 Rb2+ 62. Kd3 Rb6 63. Kd4 Rb1 64. Ke5 Rb3 65. f4 gxf4 66. gxf4
Rb1 67. f5 Re1+ 68. Kd4 Rd1+ 69. Kc3 Rb1 70. f6+ 1-0

[Event "10. Rusia tch 2009 femenino"]
[Site "Dagomys RUS"]
[Date "2009.04.03"]
[Round "2.13"]
[White "Kosintseva, Nadezhda"]
[Black "Shadrina, Tatiana"]
[Result "1-0"]
[WhiteElo "2491"]
[BlackElo "2431"]
[PlyCount "89"]
[EventDate "2009.04.02"]
[EventType "team"]
[EventRounds "7"]
[EventCountry "RUS"]
[Source "lmi"]
[SourceDate "2009.04.04"]

1. e4 e5 2. Nf3 Nc6 3. Bb5 a6 4. Ba4 Nf6 5. O-O Be7 6. Re1 b5 7. Bb3 O-O 8. a4
Bb7 9. d3 Re8 10. c3 h6 11. Nbd2 Bf8 12. Ba2 d5 13. exd5 Nxd5 14. Ne4 Re6 15.
b4 Qd7 16. c4 Ndxb4 17. cxb5 axb5 18. Bxe6 Qxe6 19. Be3 bxa4 20. Nc5 Bxc5 21.
Bxc5 Rd8 22. d4 Na6 23. Qxa4 Qg6 24. Qb3 Nxc5 25. dxc5 Ba8 26. Qb1 Qf6 27. Qe4
Re8 28. Nxe5 Na5 29. Ng4 Bxe4 30. Nxf6+ gxf6 31. Rxa5 Rd8 32. f3 Bd5 33. Ra7 c6
34. Rea1 Kg7 35. Ra8 Rd7 36. R1a7 Rxa7 37. Rxa7 f5 38. Kf2 Kf6 39. Ke3 Kg5 40.
Kd4 h5 41. Rd7 Be6 42. Rd6 h4 43. Rxc6 h3 44. gxh3 Kf4 45. Rxe6 1-0

[Event "10. Rusia tch 2009 femenino"]
[Site "Dagomys RUS"]
[Date "2009.04.03"]
[Round "2.21"]
[White "Iljushina, Olga"]
[Black "Kovalevskaya, Ekaterina"]
[Result "1-0"]
[WhiteElo "2329"]
[BlackElo "2450"]
[PlyCount "79"]
[EventDate "2009.04.02"]
[EventType "team"]
[EventRounds "7"]
[EventCountry "RUS"]
[Source "lmi"]
[SourceDate "2009.04.04"]

1. d4 Nf6 2. c4 e6 3. g3 Bb4+ 4. Bd2 a5 5. Bg2 O-O 6. Nf3 b6 7. Ne5 Ra7 8. O-O
Ba6 9. Bxb4 axb4 10. a3 d6 11. axb4 dxe5 12. dxe5 Ng4 13. b5 Nxe5 14. b3 Qe7
15. Qd4 Qf6 16. Rd1 c6 17. Nc3 Rd7 18. Qxb6 cxb5 19. cxb5 Rxd1+ 20. Rxd1 Ned7
21. Qa5 Bc8 22. Ne4 Qb2 23. Nd6 Qxe2 24. Rc1 Qb2 25. Qc7 Qxb3 26. Bf1 Ne5 27.
Nxc8 Nbd7 28. b6 h5 29. Qc3 Qxc3 30. Rxc3 Nb8 31. Ne7+ Kh7 32. f4 Ned7 33. b7
g6 34. Rc8 Kg7 35. Bb5 Nb6 36. Be8 Na6 37. Nc6 Nd5 38. Nb8 Ndc7 39. Nxa6 Nxa6
40. Ra8 1-0

[Event "10. Rusia tch 2009 femenino"]
[Site "Dagomys RUS"]
[Date "2009.04.03"]
[Round "2.31"]
[White "Cmilyte, Viktorija"]
[Black "Zhao, Xue"]
[Result "1/2-1/2"]
[WhiteElo "2498"]
[BlackElo "2531"]
[PlyCount "81"]
[EventDate "2009.04.02"]
[EventType "team"]
[EventRounds "7"]
[EventCountry "RUS"]
[Source "lmi"]
[SourceDate "2009.04.04"]

1. d4 Nf6 2. c4 e6 3. Nf3 d5 4. Nc3 dxc4 5. e4 Bb4 6. Bg5 c5 7. e5 h6 8. exf6
hxg5 9. fxg7 Rg8 10. a3 Bxc3+ 11. bxc3 Nc6 12. dxc5 Qa5 13. Qd2 Rxg7 14. Qe3
Bd7 15. Nd2 Qc7 16. Nxc4 Ne7 17. Bd3 Kf8 18. h4 Qf4 19. Qxf4 gxf4 20. Ne5 Bc6
21. Nxc6 Nxc6 22. Rb1 Ne5 23. Be4 Rc8 24. h5 f5 25. h6 Rh7 26. Rxb7 Kg8 27.
Rxh7 Kxh7 28. Bc2 Rxc5 29. Kd2 f3 30. gxf3 Nxf3+ 31. Kc1 Ne5 32. Re1 Kxh6 33.
f4 Ng6 34. Rxe6 Kg7 35. Ra6 Nxf4 36. Rxa7+ Kf6 37. Kb2 Nd5 38. Ra8 Nxc3 39.
Rf8+ Ke6 40. Kb3 Nb5 41. Kb4 1/2-1/2

[Event "10. Rusia tch 2009 femenino"]
[Site "Dagomys RUS"]
[Date "2009.04.03"]
[Round "2.33"]
[White "Turova, Irina"]
[Black "Kovanova, Baira"]
[Result "1/2-1/2"]
[WhiteElo "2396"]
[BlackElo "2398"]
[PlyCount "67"]
[EventDate "2009.04.02"]
[EventType "team"]
[EventRounds "7"]
[EventCountry "RUS"]
[Source "lmi"]
[SourceDate "2009.04.04"]

1. d4 Nf6 2. c4 e6 3. Nc3 Bb4 4. Qc2 O-O 5. e4 d5 6. e5 Ne4 7. a3 Bxc3+ 8. bxc3
c5 9. Bd3 Nc6 10. Ne2 cxd4 11. cxd4 Qa5+ 12. Kf1 f6 13. Bxe4 dxe4 14. exf6 Rxf6
15. Be3 Qa6 16. h3 Bd7 17. Ng3 Nb4 18. Qb3 Nd5 19. Kg1 Ba4 20. Qa2 Nxe3 21.
fxe3 Qa5 22. Nxe4 Rg6 23. d5 exd5 24. cxd5 Re8 25. Qc4 Bb5 26. Qd4 Qc7 27. Rd1
Qc2 28. Nf2 Qe2 29. Ng4 h5 30. Rd2 Rxg4 31. hxg4 Qe1+ 32. Kh2 Qh4+ 33. Kg1 Qe1+
34. Kh2 1/2-1/2

[Event "10. Rusia tch 2009 femenino"]
[Site "Dagomys RUS"]
[Date "2009.04.03"]
[Round "2.34"]
[White "Kursova, Maria"]
[Black "Bodnaruk, Anastasia"]
[Result "1/2-1/2"]
[WhiteElo "2285"]
[BlackElo "2373"]
[PlyCount "81"]
[EventDate "2009.04.02"]
[EventType "team"]
[EventRounds "7"]
[EventCountry "RUS"]
[Source "lmi"]
[SourceDate "2009.04.04"]

1. d4 Nf6 2. Nf3 g6 3. c4 Bg7 4. g3 O-O 5. Bg2 d6 6. Nc3 Nc6 7. O-O a6 8. h3
Bd7 9. e4 e5 10. d5 Nd4 11. Nxd4 exd4 12. Qxd4 Qc8 13. h4 Ng4 14. Qd2 Ne5 15.
b3 b5 16. cxb5 axb5 17. Bb2 Qb7 18. Nd1 b4 19. Ne3 Qb6 20. Rfe1 Bb5 21. Kh2
Rfe8 22. f4 Nd3 23. Bxg7 Kxg7 24. f5 h5 25. Red1 Re5 26. Rf1 Rg8 27. fxg6 fxg6
28. Nc4 Bxc4 29. bxc4 Nc5 30. Rab1 Nxe4 31. Qxb4 Qxb4 32. Rxb4 Nc5 33. Rb2 Ra8
34. Rbf2 Re7 35. Rc2 Rae8 36. Rf3 Re1 37. Rf1 R1e2 38. Rf2 Re1 39. Rf1 R1e2 40.
Rf2 Re1 41. Rf1 1/2-1/2

[Event "10. Rusia tch 2009 femenino"]
[Site "Dagomys RUS"]
[Date "2009.04.03"]
[Round "2.41"]
[White "Zdebskaja, Natalia"]
[Black "Molchanova, Tatjana"]
[Result "1-0"]
[WhiteElo "2438"]
[BlackElo "2321"]
[PlyCount "41"]
[EventDate "2009.04.02"]
[EventType "team"]
[EventRounds "7"]
[EventCountry "RUS"]
[Source "lmi"]
[SourceDate "2009.04.04"]

1. e4 c6 2. d4 d5 3. Nc3 dxe4 4. Nxe4 Bf5 5. Ng3 Bg6 6. N1e2 Nd7 7. h4 h6 8.
Nf4 Bh7 9. Bc4 Ngf6 10. O-O Nb6 11. Bb3 Nfd5 12. c4 Nxf4 13. Bxf4 e6 14. d5
Qxh4 15. Qf3 Rc8 16. dxe6 fxe6 17. Rad1 Be7 18. Be5 Rf8 19. Qe2 Kf7 20. Rd4 Qg5
21. Rg4 1-0

[Event "10. Rusia tch 2009 femenino"]
[Site "Dagomys RUS"]
[Date "2009.04.03"]
[Round "2.42"]
[White "Solovjova, Valentina"]
[Black "Vasilevich, Tatjana"]
[Result "0-1"]
[WhiteElo "2305"]
[BlackElo "2399"]
[PlyCount "84"]
[EventDate "2009.04.02"]
[EventType "team"]
[EventRounds "7"]
[EventCountry "RUS"]
[Source "lmi"]
[SourceDate "2009.04.04"]

1. e4 c5 2. c3 e6 3. d4 d5 4. exd5 exd5 5. Nf3 Nc6 6. Be3 c4 7. b3 cxb3 8. axb3
Bd6 9. Be2 Nge7 10. O-O O-O 11. Qd2 Re8 12. Re1 Ng6 13. Na3 h6 14. Nb5 Bf8 15.
c4 Bb4 16. Nc3 Be6 17. Rec1 Nce7 18. Qd3 a6 19. c5 Ba5 20. Qb1 Nc6 21. Na2 Bc7
22. b4 Nf4 23. Bd1 Qf6 24. Nc3 Bf5 25. Qb3 Rad8 26. b5 Nxd4 27. Nxd4 Qxd4 28.
Bf3 Rxe3 29. fxe3 Qxe3+ 30. Kh1 Nd3 31. Rf1 Nf2+ 32. Rxf2 Qxf2 33. Nxd5 Re8 34.
Qd1 Be5 35. Rc1 Qh4 36. Qg1 axb5 37. Re1 Re6 38. g3 Qg5 39. Nb6 Bd4 40. Qxd4
Rxe1+ 41. Kg2 Qc1 42. g4 Be6 0-1

[Event "10. Rusia tch 2009 femenino"]
[Site "Dagomys RUS"]
[Date "2009.04.03"]
[Round "2.43"]
[White "Shumiakina, Tatiana"]
[Black "Ivkina, Olga"]
[Result "1-0"]
[WhiteElo "2333"]
[BlackElo "2275"]
[PlyCount "135"]
[EventDate "2009.04.02"]
[EventType "team"]
[EventRounds "7"]
[EventCountry "RUS"]
[Source "lmi"]
[SourceDate "2009.04.04"]

1. d4 Nf6 2. Nf3 g6 3. c4 Bg7 4. g3 d6 5. Bg2 O-O 6. O-O Nc6 7. Nc3 a6 8. h3
Rb8 9. e4 Bd7 10. Be3 b5 11. cxb5 axb5 12. e5 Ne8 13. exd6 cxd6 14. d5 Na5 15.
Bd4 Nf6 16. b3 e5 17. dxe6 fxe6 18. Ng5 d5 19. Re1 Nc6 20. Bc5 Re8 21. Rc1 h6
22. Nf3 b4 23. Na4 Ne4 24. Be3 Kh7 25. Qd3 Na5 26. Nh4 Bb5 27. Qb1 g5 28. Bxe4+
dxe4 29. Qxe4+ Kg8 30. Red1 Bc6 31. Rxd8 Bxe4 32. Rxb8 Rxb8 33. Ng2 Nc6 34. Nc5
Bd5 35. Nxe6 Bc3 36. Nc5 Ne5 37. f4 Nf3+ 38. Kf2 g4 39. Nd7 Rd8 40. Nb6 Be4 41.
hxg4 Nh2 42. Kg1 Nxg4 43. Nc4 Ra8 44. Bb6 Rxa2 45. Nce3 Nf2 46. Rf1 Nd3 47. Nh4
Ra6 48. Nc4 Bd5 49. Be3 Bxc4 50. bxc4 b3 51. Nf5 Kf7 52. Bd4 Bxd4+ 53. Nxd4 b2
54. Nb5 Nc1 55. Nc3 Ra3 56. Nb1 Ra1 57. Nd2 b1=Q 58. Nxb1 Rxb1 59. Kh1 Ra1 60.
c5 Ra3 61. Rxc1 Rxg3 62. c6 Rg8 63. c7 Rc8 64. Kg2 Ke7 65. Kg3 Kf6 66. Rc5 h5
67. Kh4 Kg6 68. f5+ 1-0

[Event "10. Rusia tch 2009 femenino"]
[Site "Dagomys RUS"]
[Date "2009.04.03"]
[Round "2.44"]
[White "Akatova, Ekaterina"]
[Black "Zaiatz, Elena"]
[Result "0-1"]
[WhiteElo "2280"]
[BlackElo "2362"]
[PlyCount "64"]
[EventDate "2009.04.02"]
[EventType "team"]
[EventRounds "7"]
[EventCountry "RUS"]
[Source "lmi"]
[SourceDate "2009.04.04"]

1. e4 e5 2. Nf3 Nc6 3. Bc4 Bc5 4. c3 Nf6 5. d3 d6 6. b4 Bb6 7. a4 a6 8. Nbd2
O-O 9. Qb3 Ne7 10. a5 Ba7 11. O-O c6 12. d4 exd4 13. cxd4 Nxe4 14. Nxe4 d5 15.
Bd3 dxe4 16. Bxe4 Be6 17. Qc2 h6 18. Ba3 Re8 19. b5 axb5 20. a6 bxa6 21. Bxe7
Qxe7 22. Qxc6 Rad8 23. Rxa6 Bxd4 24. Nxd4 Rxd4 25. f3 Red8 26. Ra8 Rxa8 27.
Qxa8+ Rd8 28. Qc6 Bc4 29. Ra1 Qe5 30. Re1 f5 31. Qb6 Rf8 32. f4 Qc3 0-1

[Event "10. Rusia tch 2009 femenino"]
[Site "Dagomys RUS"]
[Date "2009.04.04"]
[Round "3.12"]
[White "Kosintseva, Nadezhda"]
[Black "Bronnikova, Elizaveta"]
[Result "1/2-1/2"]
[WhiteElo "2491"]
[BlackElo "2297"]
[PlyCount "104"]
[EventDate "2009.04.02"]
[EventType "team"]
[EventRounds "7"]
[EventCountry "RUS"]
[Source "lmi"]
[SourceDate "2009.04.04"]

1. e4 c5 2. Nf3 e6 3. d4 cxd4 4. Nxd4 Qb6 5. Nb3 Qc7 6. g3 Nf6 7. Bg2 Nc6 8.
O-O a6 9. c4 d6 10. Be3 Be7 11. Qe2 O-O 12. Nc3 Ne5 13. Nd2 Bd7 14. Rac1 Rac8
15. b3 Qa5 16. h3 Bc6 17. f4 Ng6 18. Rfd1 b5 19. Qf2 Nd7 20. Rc2 Nc5 21. Qe2 b4
22. Ncb1 Qc7 23. Bxc5 dxc5 24. Nf1 Rfd8 25. Rcd2 Rd4 26. Rxd4 cxd4 27. e5 Bc5
28. Rd3 Rd8 29. Nbd2 Ne7 30. Bxc6 Qxc6 31. Qf3 Qc7 32. Ne4 a5 33. Nfd2 Ba7 34.
Nd6 f5 35. exf6 Qxd6 36. Ne4 Qd7 37. fxe7 Qxe7 38. Qh5 Bb6 39. Ng5 h6 40. Nf3
Qc7 41. Qg6 Qf7 42. Qxf7+ Kxf7 43. Kf2 Kf6 44. Nd2 e5 45. Kf3 exf4 46. gxf4 Kf5
47. Ne4 g5 48. Ng3+ Kf6 49. Ne4+ Kf5 50. Ng3+ Kf6 51. Ne4+ Kf5 52. Ng3+ Kf6
1/2-1/2

[Event "10. Rusia tch 2009 femenino"]
[Site "Dagomys RUS"]
[Date "2009.04.04"]
[Round "3.14"]
[White "Ovod, Evgenija"]
[Black "Akatova, Ekaterina"]
[Result "1-0"]
[WhiteElo "2440"]
[BlackElo "2280"]
[PlyCount "121"]
[EventDate "2009.04.02"]
[EventType "team"]
[EventRounds "7"]
[EventCountry "RUS"]
[Source "lmi"]
[SourceDate "2009.04.04"]

1. d4 g6 2. e4 Bg7 3. Nf3 d6 4. Bd3 e5 5. c3 Nc6 6. Bg5 f6 7. Be3 Nh6 8. h3 O-O
9. Nbd2 f5 10. dxe5 f4 11. Bd4 Nxe5 12. Nxe5 Bxe5 13. Bxe5 dxe5 14. Nf3 Qe7 15.
Bc4+ Be6 16. Bxe6+ Qxe6 17. Ng5 Qc4 18. Qb3 Qxb3 19. axb3 Rfe8 20. Ke2 Nf7 21.
Nxf7 Kxf7 22. Rhd1 a6 23. Ra5 Re7 24. Rad5 Rae8 25. b4 Re6 26. Kf3 h5 27. h4
Kf6 28. g3 fxg3 29. fxg3 Kf7 30. Rd7+ R6e7 31. g4 Ke6 32. Rxe7+ Rxe7 33. gxh5
gxh5 34. Rg1 Rf7+ 35. Ke3 Rf4 36. Rg6+ Kd7 37. Rg5 Rxh4 38. Rxe5 Rh2 39. b3 h4
40. Rh5 h3 41. Kf4 Rf2+ 42. Ke5 h2 43. Rh7+ Ke8 44. Ke6 Kf8 45. e5 Kg8 46. Rh3
Kg7 47. Kd7 Rf7+ 48. Ke6 Rf2 49. c4 Kg6 50. c5 Rd2 51. Ke7 Kf5 52. e6 Re2 53.
Kd7 Rxe6 54. Rh5+ Kf6 55. Rxh2 Re4 56. Kxc7 Rxb4 57. Rh6+ Ke5 58. Rb6 Rh4 59.
Kxb7 Kd5 60. c6 Kc5 61. c7 1-0

[Event "10. Rusia tch 2009 femenino"]
[Site "Dagomys RUS"]
[Date "2009.04.04"]
[Round "3.21"]
[White "Zhao, Xue"]
[Black "Grabuzova, Tatiana"]
[Result "1-0"]
[WhiteElo "2531"]
[BlackElo "2348"]
[PlyCount "89"]
[EventDate "2009.04.02"]
[EventType "team"]
[EventRounds "7"]
[EventCountry "RUS"]
[Source "lmi"]
[SourceDate "2009.04.04"]

1. d4 d5 2. c4 e6 3. Nf3 c5 4. cxd5 exd5 5. Nc3 Nc6 6. g3 Nf6 7. Bg2 Be7 8. O-O
O-O 9. Bg5 c4 10. Ne5 Be6 11. f4 Ng4 12. Nxg4 Bxg4 13. Bxd5 Bxg5 14. fxg5 Qxg5
15. Rf4 Rad8 16. Qd2 Bh3 17. e4 Be6 18. Raf1 h6 19. Qf2 Qe7 20. a3 Na5 21. Rd1
a6 22. Qf3 Qd7 23. Qh5 b5 24. a4 Bxd5 25. Nxd5 f5 26. Rxf5 Rxf5 27. Qxf5 Qxf5
28. Ne7+ Kf7 29. Nxf5 b4 30. Ne3 Re8 31. e5 Ke6 32. Kf2 Rd8 33. Kf3 c3 34. bxc3
bxc3 35. Ke4 Nb3 36. d5+ Kf7 37. Kd3 Rc8 38. Rb1 c2 39. Nxc2 Nc5+ 40. Kd4 Nxa4
41. e6+ Ke7 42. Ne3 Nc3 43. Rb7+ Kf6 44. Rf7+ Kg6 45. Nf5 1-0

[Event "10. Rusia tch 2009 femenino"]
[Site "Dagomys RUS"]
[Date "2009.04.04"]
[Round "3.24"]
[White "Zaiatz, Elena"]
[Black "Vasilevich, Irina"]
[Result "1-0"]
[WhiteElo "2362"]
[BlackElo "2350"]
[PlyCount "63"]
[EventDate "2009.04.02"]
[EventType "team"]
[EventRounds "7"]
[EventCountry "RUS"]
[Source "lmi"]
[SourceDate "2009.04.04"]

1. d4 e6 2. c4 Bb4+ 3. Bd2 a5 4. Nc3 d6 5. e4 e5 6. a3 Bxc3 7. bxc3 f5 8. exf5
Bxf5 9. Be3 Nc6 10. g4 Be4 11. f3 Bg6 12. d5 Nce7 13. Nh3 h6 14. Bg2 Qd7 15. f4
h5 16. fxe5 dxe5 17. Ng5 Nf6 18. Ne6 Nxg4 19. Bg5 Nf5 20. Qe2 Bf7 21. Rf1 Bxe6
22. dxe6 Qxe6 23. Bxb7 Rb8 24. Be4 g6 25. Bd5 Qd6 26. Rd1 Qxa3 27. Qd3 Rh7 28.
Rxf5 gxf5 29. Qxf5 Qc5 30. Qe6+ Re7 31. Qg8+ Kd7 32. Bb7+ 1-0